東京23区駅名クイズ - Statistics

General Stats
  • This quiz has been taken 418 times
  • The average score is 232 of 491
Answer Stats
Hint Answer % Correct
JY03,JK28,JB19,H16,TX01 秋葉原
88%
JY13,JA12,JS21,TJ01,SI01,M25,Y09,F09 池袋
87%
JY05,JK30,JJ01,JU02,G16,H18 上野
87%
JY17,JA11,JC05,JB10,JS20,M08,E27,KO01,OH01 新宿
86%
JY01,JK26,JC01,JU01,JO19,JE01,M17 東京
85%
G19,TS01,A18 | TX03 浅草
84%
JY25,JK20,JT03,JO17,KK01 品川
84%
JJ05,C18,H22,TS09,TX05 北千住
82%
JY20,JA10,JS19,G01,Z01,F16,TY01,DT01,IN01 渋谷
82%
JB16,T06,Y13,N10,E06 飯田橋
81%
JU04,JS22,JK38,JA15 赤羽
80%
JY29,JK24,JT02,JO18,G08,A10,U01 新橋
80%
JY02,JK27,JC02,G13 神田
79%
JY16 新大久保
79%
JY21,JA09,JS18,H02 恵比寿
78%
JY24,JS17,JA08,R08 大崎
78%
JY12 大塚
78%
JY23,A05,IK01 五反田
78%
JY15,T03,SS02 高田馬場
78%
JC06,JB07,T01 中野
78%
JY18,JB11,E26 代々木
78%
JY04,JK29 御徒町
77%
JY26,JK21 高輪ゲートウェイ
77%
JY22,N01,I01,MG01 目黒
77%
G04,Z03,E24 青山一丁目
76%
JY06,JK31 鶯谷
76%
JY08,JK33,C16,NT02 西日暮里
76%
C06 赤坂
75%
JC09,JB04,M01 荻窪
75%
G09,M16,H09 銀座
75%
JY10,N14 駒込
75%
JY11,I15 巣鴨
75%
JY28,JK23 浜松町
75%
JA13 板橋
74%
M18,T09,C11,Z08,I09 大手町
74%
JC03,JB18,M20 御茶ノ水
74%
JB17,I11 水道橋
74%
JY27,JK22 田町
74%
JY19 原宿
74%
JY07,JK32,JJ02,KS02,NT01 日暮里
73%
JY14 目白
73%
JY30,JK25,Y18 有楽町
73%
JB20,A16 浅草橋
72%
JK19,OM01,R07 大井町
72%
Z14,A20,TS03,KS45 押上
72%
JE05,Y24,R01 新木場
72%
M09,F13,S02 新宿三丁目
72%
JJ04,H21,TX04 南千住
72%
JO22,JB22,Z13 錦糸町
71%
JC07,JB06 高円寺
71%
JY09,JK34 田端
71%
C19,JL19 綾瀬
70%
JB15,Y14,N09,S04 市ヶ谷
70%
JK36,N16 王子
69%
G02,C04,Z02 表参道
69%
T17 葛西
69%
JK17,IK15,TM07 蒲田
69%
G05,M13 赤坂見附
68%
JB09 大久保
68%
JK18 大森
68%
N19 赤羽岩淵
67%
T07,Z06,S05 九段下
67%
M07 西新宿
67%
C01,OH05 代々木上原
67%
JB08,E31 東中野
66%
JC04,JB14,M12,N08 四ツ谷
66%
KK04 青物横丁
65%
Y22,U16 豊洲
65%
H01,TY03 中目黒
65%
JC10,JB03 西荻窪
65%
KS09 青砥
64%
JE06 葛西臨海公園
64%
SA30 | T04 早稲田
64%
M14,C07 国会議事堂前
63%
OH07,IN05 下北沢
63%
JO23,JB25 新小岩
63%
G11,T10,A13 日本橋
63%
JB21,E12 両国
63%
H04,E23 六本木
63%
H11 築地
62%
Y16,Z04,N07 永田町
62%
E35,SI06 練馬
62%
JB23,TS44 亀戸
61%
Y19 銀座一丁目
61%
JB26 小岩
61%
Y06,F06,SI37 小竹向原
61%
JB13 信濃町
61%
G07 虎ノ門
61%
JE02,H12 八丁堀
61%
H08,C09,I08 日比谷
61%
A08,I04 三田
61%
E09 上野御徒町
60%
JL20 亀有
60%
C20 北綾瀬
60%
M22,N11 後楽園
60%
C12 新御茶ノ水
60%
Z07,I10,S06 神保町
60%
JB12 千駄ヶ谷
60%
Y02,F02 地下鉄成増
60%
C03,F15 明治神宮前
60%
N04,E22 麻布十番
59%
G15 上野広小路
59%
T02 落合
59%
M15,H07,C08 霞ヶ関
59%
JL21 金町
59%
M06,E30 中野坂上
59%
F12,E02 東新宿
59%
JC08,JB05 阿佐ケ谷
58%
JE03 越中島
58%
KK11 京急蒲田
58%
N02,I02 白金台
58%
A07 泉岳寺
58%
Y03,F03 地下鉄赤塚
58%
G03 外苑前
57%
KK02 北品川
57%
E19,U02 汐留
57%
N03,I03 白金高輪
57%
E10,TX02 新御徒町
57%
JO20 新日本橋
57%
Z05 半蔵門
57%
Y10 東池袋
57%
Mb03 方南町
57%
C02 代々木公園
57%
I18 板橋区役所前
56%
JU03 尾久
56%
T05 神楽坂
56%
H13,T11 茅場町
56%
Z11,E14 清澄白河
56%
Y17 桜田門
56%
JE04 潮見
56%
JA14 十条
56%
M24 新大塚
56%
N12 東大前
56%
E28 都庁前
56%
JO21 馬喰町
56%
JK37 東十条
56%
KO06,IN08 明大前
56%
E21 赤羽橋
55%
M19 淡路町
55%
KS12 江戸川
55%
F14 北参道
55%
TY07,OM10 自由が丘
55%
M03 新高円寺
55%
M10 新宿御苑前
55%
I25 高島平
55%
G06,N06 溜池山王
55%
T16 西葛西
55%
G12,Z09 三越前
55%
DT02 池尻大橋
54%
N17 王子神谷
54%
I12,E07 春日
54%
JK35 上中里
54%
T13 木場
54%
SG05 世田谷
54%
C15 千駄木
54%
TY08,MG08 田園調布
54%
Mb04 中野富士見町
54%
DT07,OM15 二子玉川
54%
TX06 青井
53%
S03 曙橋
53%
DT03,SG01 三軒茶屋
53%
E01 新宿西口
53%
Y21,E16 月島
53%
R05,MO02 天王洲アイル
53%
H06 虎ノ門ヒルズ
53%
F11 西早稲田
53%
U12 有明
52%
H19 入谷
52%
JA17 浮間舟渡
52%
TY05 学芸大学
52%
KS01 京成上野
52%
IN03 駒場東大前
52%
Z12,S13 住吉
52%
T08 竹橋
52%
I27 西高島平
52%
C14 根津
52%
H10,A11 東銀座
52%
C17,KS04 町屋
52%
M23 茗荷谷
52%
G17 稲荷町
51%
S08 岩本町
51%
I26 新高島平
51%
SS01 西武新宿
51%
A09,E20 大門
51%
TY09,TM01,MG09 多摩川
51%
R04 東京テレポート
51%
H14,A14 人形町
51%
C05 乃木坂
51%
M21,E08 本郷三丁目
51%
H20 三ノ輪
51%
T12,E15 門前仲町
51%
N05 六本木一丁目
51%
E05 牛込神楽坂
50%
Y12 江戸川橋
50%
S15 大島
50%
Y08,F08 要町
50%
Y15 麹町
50%
Y11 護国寺
50%
M05 新中野
50%
Z10 水天宮前
50%
KK15,MO07 天空橋
50%
T14 東陽町
50%
TJ10 成増
50%
A01 西馬込
50%
A02 馬込
50%
OH02 南新宿
50%
C13 湯島
50%
MG06 大岡山
49%
KK07 大森海岸
49%
H05 神谷町
49%
JA16 北赤羽
49%
A17,E11 蔵前
49%
KS10 京成高砂
49%
KO07,SG10 下高井戸
49%
Y07,F07 千川
49%
TY02 代官山
49%
A04 戸越
49%
E36,SI39 豊島園
49%
JO16,JS16 西大井
49%
E38 光が丘
49%
H03 広尾
49%
G10 京橋
48%
KO04 笹塚
48%
Y23 辰巳
48%
G18 田原町
48%
TY06 都立大学
48%
Mb05 中野新橋
48%
N15 西ヶ原
48%
C10 二重橋前
48%
S09 馬喰横山
48%
KO02 初台
48%
JB24 平井
48%
JJ03 三河島
48%
M11 四谷三丁目
48%
S07 小川町
47%
TJ07 上板橋
47%
R03 国際展示場
47%
OH03 参宮橋
47%
I05 芝公園
47%
N18 志茂
47%
SI10 石神井公園
47%
G14 末広町
47%
H17 仲御徒町
47%
TS13 西新井
47%
Y04,F04 平和台
47%
N13 本駒込
47%
S18 一之江
46%
E04 牛込柳町
46%
I06 御成門
46%
DT04 駒沢大学
46%
I22 志村三丁目
46%
IN02 神泉
46%
Y20 新富町
46%
OH14 成城学園前
46%
MO06 整備場
46%
E18 築地市場
46%
TS02 とうきょうスカイツリー
46%
Y05,F05 氷川台
46%
I19 板橋本町
45%
I07 内幸町
45%
SI11 大泉学園
45%
MO09 新整備場
45%
F10 雑司が谷
45%
U07 台場
45%
A06 高輪台
45%
E32,SS04 中井
45%
S14 西大島
45%
TS04 曳舟
45%
U10 青海
44%
IK13 池上
44%
IN09 永福町
44%
E17 勝どき
44%
TJ02 北池袋
44%
OH10 豪徳寺
44%
DT05 桜新町
44%
R02 東雲
44%
NT12 舎人
44%
A03,OM03 中延
44%
I13 白山
44%
S16 東大島
44%
A15 東日本橋
44%
T15 南砂町
44%
S11,E13 森下
44%
OH04 代々木八幡
44%
SI04 江古田
43%
E33 落合南長崎
43%
KO09 上北沢
43%
OH11 経堂
43%
KS51 京成金町
43%
KK05 鮫洲
43%
KK08 平和島
43%
M02 南阿佐ケ谷
43%
TY04 祐天寺
43%
U13 有明テニスの森
42%
TS08 牛田
42%
SA16 王子駅前
42%
SA23 大塚駅前
42%
KS08 お花茶屋
42%
E25 国立競技場
42%
R06 品川シーサイド
42%
I21 志村坂上
42%
TJ03 下板橋
42%
I17 新板橋
42%
KS05 千住大橋
42%
TJ08 東武練馬
42%
IK03 戸越銀座
42%
I16 西巣鴨
42%
KO03 幡ヶ谷
42%
OH06 東北沢
42%
M04 東高円寺
42%
SS13 上石神井
41%
IN14 久我山
41%
H15 小伝馬町
41%
SI05 桜台
41%
KK03 新馬場
41%
TS14 竹ノ塚
41%
TS07 堀切
41%
DT06 用賀
41%
S12 菊川
40%
KO08 桜上水
40%
SI02 椎名町
40%
S20 篠崎
40%
SI38 新桜台
40%
OH08 世田谷代田
40%
S17 船堀
40%
MG03 武蔵小山
40%
NT03 赤土小学校前
39%
KK14 穴守稲荷
39%
OH09 梅ヶ丘
39%
TJ04 大山
39%
TS06 鐘ヶ淵
39%
KS50 柴又
39%
KS03 新三河島
39%
I14 千石
39%
OH13 祖師ヶ谷大蔵
39%
KO05 代田橋
39%
A12 宝町
39%
KO12 千歳烏山
39%
E29 西新宿五丁目
39%
SI09 練馬高野台
39%
OM06,IK05 旗の台
39%
S10 浜町
39%
A19 本所吾妻橋
39%
SS05 新井薬師前
38%
MO03 大井競馬場前
38%
KS11 京成小岩
38%
KS49 京成立石
38%
TS11 五反野
38%
E34 新江古田
38%
TS51 大師前
38%
SA03 荒川区役所前
37%
TS12 梅島
37%
IK02 大崎広小路
37%
MG07 奥沢
37%
U06 お台場海浜公園
37%
TS10 小菅
37%
SS03 下落合
37%
MG05 洗足
37%
IN12 高井戸
37%
OH12 千歳船橋
37%
TJ05 中板橋
37%
E37 練馬春日町
37%
KS07 堀切菖蒲園
37%
S19 瑞江
37%
SA13 荒川車庫前
36%
SA09,NT04 熊野前
36%
KS06 京成関屋
36%
KK12 糀谷
36%
SS09 鷺ノ宮
36%
IN06 新代田
36%
U15 新豊洲
36%
NT11 舎人公園
36%
MG02 不動前
36%
NT13 見沼代親水公園
36%
SA01 三ノ輪橋
36%
TX07 六町
36%
SA12 荒川遊園地前
35%
KK09 大森町
35%
OH15 喜多見
35%
TJ09 下赤塚
35%
I24 西台
35%
KK10 梅屋敷
34%
IK04 荏原中延
34%
KK13 大鳥居
34%
SS12 上井草
34%
OM11 九品仏
34%
KS46 京成曳舟
34%
I23 蓮根
34%
MO10 羽田空港第1ターミナル
34%
KK16,MO08 羽田空港第3ターミナル
34%
E03 若松河田
34%
IN04 池ノ上
33%
KK06 立会川
33%
SS08 都立家政
33%
IN10 西永福
33%
MG04 西小山
33%
IK09 雪が谷大塚
33%
KK19 六郷土手
33%
SS11 井荻
32%
OM14 上野毛
32%
OM07 北千束
32%
U14 市場前
32%
SS10 下井草
32%
KK18 雑色
32%
U11 東京ビッグサイト
32%
OM13 等々力
32%
MO11 羽田空港第2ターミナル
32%
SI03 東長崎
32%
SA05 荒川七丁目
31%
SA04 荒川二丁目
31%
OM05 荏原町
31%
SA27 鬼子母神前
31%
KO10 八幡山
31%
TS43 亀戸水神
30%
OM02 下神明
30%
MO05 昭和島
30%
HS01 新柴又
30%
SI07 中村橋
30%
KK17 羽田空港第1・第2ターミナル
30%
IN11 浜田山
30%
I20 本蓮沼
30%
SA17 飛鳥山
29%
SA02 荒川一中前
29%
U05 芝浦ふ頭
29%
SG04 松陰神社前
29%
IK07 洗足池
29%
U09 テレコムセンター
29%
TJ06 ときわ台
29%
SS06 沼袋
29%
TS05 東向島
29%
NT05 足立小台
28%
OM12 尾山台
28%
SA21 庚申塚
28%
TM04 下丸子
28%
S01,KO01 新線新宿
28%
OM03 戸越公園
28%
SA26 都電雑司ヶ谷
28%
NT09 西新井大師西
28%
SS07 野方
28%
U04 日の出
28%
MO01 モノレール浜松町
28%
SG08 山下
28%
TM03 鵜の木
27%
SA29 面影橋
27%
SA28 学習院下
27%
SI08 富士見台
27%
SA06 町屋駅前
27%
IK10 御嶽山
26%
SG06 上町
26%
SA20 新庚申塚
26%
TS42 東あずま
26%
OM09 緑が丘
26%
TM06 矢口渡
26%
KS48 四ツ木
26%
KO11 芦花公園
26%
TS41 小村井
25%
U03 竹芝
25%
SA25 東池袋四丁目
25%
IN13 富士見ヶ丘
25%
MO04 流通センター
25%
IK14 蓮沼
24%
IN07 東松原
24%
KS47 八広
24%
IK08 石川台
23%
TM02 沼部
23%
SS14 武蔵関
23%
U08 東京国際クルーズターミナル
22%
SG09 松原
21%
SG03 若林
21%
SA14 梶原
20%
IK11 久が原
20%
NT08 江北
20%
SA22 巣鴨新田
20%
SG02 西太子堂
20%
TM05 武蔵新田
20%
IK12 千鳥町
19%
NT06 扇大橋
18%
SA11 小台
18%
SA18 滝野川一丁目
18%
IK06 長原
18%
SA19 西ヶ原四丁目
18%
NT07 高野
16%
SA07 町屋二丁目
16%
SA15 栄町
15%
SA08 東尾久三丁目
15%
SG07 宮の坂
15%
SA24 向原
15%
NT10 谷在家
14%
SA10 宮ノ前
11%
No matching quizzes found
Score Distribution
Percent of People with Each Score
Percentile by Number Answered
Your Score History
You have not taken this quiz